Celková hodnota stavebných fondov na Slovensku v cenách roku 1996 sa blíži k štyrom biliónom korún

Z obsahu dvojstrany: Územný plán musí mať ekonomický podklad, inak je zbytočný. Kanalizáciu a vodovod má približne štvrtina rodinných domov, na čistiarne je napojená len desatina bytového fondu. Zatepľovanie je súčasťou obnovy stavebných fondov.

Gespeichert in:
Bibliographische Detailangaben
1. Verfasser: Zverková, Daniela
Format: Buchkapitel
Sprache:Slowakisch
Schlagworte:
Tags: Tag hinzufügen
Keine Tags, Fügen Sie das erste Tag hinzu!

MARC

LEADER 00000naa a2200000 4500
001 r025293
005 20230921080631.9
041 0 |a slo 
044 |a SK 
245 1 0 |a Celková hodnota stavebných fondov na Slovensku v cenách roku 1996 sa blíži k štyrom biliónom korún  |c D. Zverková 
520 |a Z obsahu dvojstrany: Územný plán musí mať ekonomický podklad, inak je zbytočný. Kanalizáciu a vodovod má približne štvrtina rodinných domov, na čistiarne je napojená len desatina bytového fondu. Zatepľovanie je súčasťou obnovy stavebných fondov. 
610 2 0 |a fond výstavby 
610 2 0 |a fond opráv 
610 2 0 |a fond bytový 
610 2 0 |a plán územný 
610 2 0 |a kanalizácia 
610 2 0 |a spotreba energie 
610 2 0 |a výstavba bytová 
610 2 0 |a výstavba občianska 
610 2 0 |a Slovensko 
610 2 0 |a 1996 
100 1 |a Zverková, Daniela